Tři přednesové skladby piano 2 ms /

Hlavní autor: Vitásek, Jan August, 1770-1839
Další autoři: Millerová, Věra, 1900-
Jazyk: Nelze použít, není lingvistický obsah
Vydáno: Praha : Státní hudební vydavatelství, 1961
Vydání: 1. vyd.
Edice: Musica Viva Historica
Fyzický popis: 22 s.
Hudebniny Hudebniny
Uloženo v:
LEADER 00899ncm a22002532a 4500
001 001238137
003 CZ BrMZK
005 20120809134320.0
007 qu
008 120809s1961 xr |||||||||||||||||zxx d
040 |a BOA001  |b cze 
072 7 |a 786  |x Hudba pro klávesové nástroje  |2 Konspekt  |9 9 
100 1 |a Vitásek, Jan August,  |d 1770-1839  |7 kup20000000107513  |4 cmp 
245 1 0 |a Tři přednesové skladby  |h [hudebnina] :  |b piano 2 ms /  |c Jan Nepomuk Vitásek ; rev. Věra Millerová 
250 |a 1. vyd. 
260 |a Praha :  |b Státní hudební vydavatelství,  |c 1961 
300 |a 22 s. 
490 1 |a Musica Viva Historica ;  |v 4 
700 1 |a Millerová, Věra,  |d 1900-  |7 kup20000000065615  |4 edt 
830 0 |a Musica Viva Historica 
910 |a BOA001  |b Mus4-0462.651 
990 |a MU 
991 |b 201208 
996 6 |b 2619075473  |c Mus4-0462.651  |l MZK  |r Sklad / do 1 hodiny  |n 1  |w 001272200  |u 000010  |a 1  |e BOA001  |j MZK50  |s P